000 01030nam a2200229 4500
005 20240530110943.0
008 221114s2021 ua b g b 000 0 ara d
017 _a2021/5655
_bمصر. دار الكتب
040 _aEG-CaGPL
_cEG-CaGPL
082 0 4 _221
_a949.502
_bهـ س
100 _aهبة جبر عطية محمد
245 1 2 _aالسياسة الخارجية للامبراطورية البيزنطية فى عهد الامبراطور قسطنطين الخامس :
_b741 - 775م / 124 - 158 هـ /
_cهبة جبر عطية محمد
250 _aط.1
260 _aالقاهرة :
_bالمكتب العربى للمعارف،
_c2021.
300 _a287 ص. :
_bخرائط ؛
_c24 سم.
504 _aيشتمل على ارجاعات ببليوجرافية
650 _2qrmak
651 0 7 _2qrmak
_aالامبراطورية البيزانطية
651 0 7 _2qrmak
_aالامبراطورية البيزانطية
_xالساسية الخارجية
942 _2ddc
_cBK
999 _c66864
_d66864